000 01361nam a2200265Ia 4500
999 _c56050
_d56050
001 23150
003 GE_BSU
005 20230716135726.0
008 181216s2007||||ge |||||||||||||| ||geo||
040 _cGE_BSU
041 _ageo
080 _a821.133.1-4 + 821.133.1-32 მ-84
100 _aმოპასანი, გი დე
_911762
245 _aნოველები, ესეები = Nouvelles, Essais :
_cგი დე მოპასანი ; ფრანგ. თარგმნა ნანა ახალაძემ (წინასიტყვ. ავტ.) ; რედ. მანანა ჯაოშვილი.
264 _aთბილისი :
_bბლექ სი კოლორი,
_c2007.
300 _a235 გვ. ; 20 სმ.
500 _aგაშლილი თავფურცელი ინგლისურ ენაზე
500 _aშენიშვნები : გვ. 229-232
520 _aგაშლ. თავფ. ინგლ. შენიშვნები: გვ. 229-232.
541 _h8 ლ.
653 _aნოველები, ესეები = Nouvelles, Essais
700 _aახალაძე, ნანა
_eმთარგმნელი
_93028
700 _aჯაოშვილი, მანანა
_eრედაქტორი
_919352
942 _cBK
_2udc